| 000 | 00353nam a2200109Ia 4500 | ||
|---|---|---|---|
| 008 | 171211s9999 xx 000 0 und d | ||
| 245 | _aNeurodegenerative Diseases: Processes, Prevention, Protection and Monitoring | ||
| 245 | _cRaymond Chuen-Chung Chang | ||
| 260 | _c2011 | ||
| 650 | _xFITNESS | ||
| 856 | _uhttp://down.ebook777.com/064/9789533074856.pdf | ||
| 999 |
_c349006 _d349006 |
||